Statystyki dla Państwa objęte zakazem podróżowania mieszkańców USA

Kliknij tutaj aby rozwiązać quiz!

Ogólne statystyki

  • Ten quiz został rozwiązany 81 razy
  • Średni wynik to 7 z 12

Statystyki odpowiedzi

Państwo% Poprawnych
Korea Północna
92%
Iran
89%
Irak
86%
Syria
82%
Afganistan
73%
Jemen
58%
Somalia
49%
Libia
41%
Wenezuela
36%
Sudan Południowy
25%
Mali
15%
Republika Środkowoafrykańska
10%

Rozkład punktacji

Percentyl według liczby udzielonych odpowiedzi

Procent ludzi z każdym wynikiem

Twoja historia wyników

Nie rozwiązałeś tego quizu